[Event "World op 47th"]
[Site "Philadelphia"]
[Date "2019.07.05"]
[Round "4"]
[White "Gorti, Akshita"]
[Black "Fedorowicz, John P"]
[Result "0-1"]
[WhiteElo "2244"]
[BlackElo "2420"]
[PlyCount "90"]
[EventDate "2019.07.03"]
[EventType "swiss"]
[EventRounds "9"]
[EventCountry "USA"]
[SourceTitle "CBM 191 Extra"]
[Source "ChessBase"]
[SourceDate "2019.09.30"]
[SourceVersion "1"]
[SourceVersionDate "2019.09.30"]
[SourceQuality "1"]

1. Nf3 d5 2. e3 Nf6 3. c4 g6 4. d4 Bg7 5. cxd5 Nxd5 6. e4 Nb6 7. Be2 c5 8. d5 e6 9. d6 Nc6 10. Nc3 Nd4 11. Nb5 0-0 12. 0-0 e5 13. Nfxd4 cxd4 14. Bd2 Bd7 15. Bb4 Qh4 16. Nc7 Rad8 17. Bd3 Bc6 18. d7 Nxd7 19. Bxf8 Bxf8 20. g3 Qe7 21. Qe2 Nb6 22. Nb5 a6 23. Na3 Na4 24. Nc4 Nc5 25. Na5 Be8 26. Rac1 b6 27. Nc4 Bb5 28. b3 Bh6 29. Rcd1 Qe6 30. a4 Be8 31. Nd2 b5 32. axb5 axb5 33. Nf3 Rb8 34. Rb1 Bd7 35. h4 Qd6 36. Nh2 f5 37. f3 Be3+ 38. Kg2 Qe6 39. g4 fxe4 40. Bxe4 Nxe4 41. fxe4 Bf4 42. Rfd1 Rc8 43. g5 Rc5 44. Rd3 Qc6 45. Rb2 Bf5 0-1

[Event "USA-ch (Women) 59th"]
[Site "Saint Louis"]
[Date "2019.03.28"]
[Round "8"]
[White "Gorti, Akshita"]
[Black "Yu, Jennifer R"]
[Result "0-1"]
[WhiteElo "2272"]
[BlackElo "2273"]
[PlyCount "84"]
[EventDate "2019.03.20"]
[EventType "tourn"]
[EventRounds "11"]
[EventCountry "USA"]
[EventCategory "2"]
[SourceTitle "CBM 189 Extra"]
[Source "ChessBase"]
[SourceDate "2019.06.03"]
[SourceVersion "1"]
[SourceVersionDate "2019.06.03"]
[SourceQuality "1"]

1. d4 d5 2. Bg5 Nf6 3. e3 g6 4. Nf3 Bg7 5. Nbd2 0-0 6. Bd3 Nbd7 7. 0-0 b6 8. c4 dxc4 9. Bxc4 Bb7 10. Qe2 c5 11. Rfd1 Rc8 12. Rac1 cxd4 13. Nxd4 Rc5 14. N2f3 Qa8 15. b4 Rcc8 16. Bb5 Rfd8 17. Rxc8 Qxc8 18. Qe1 Nb8 19. h3 Be4 20. Ne5 a6 21. Ba4 b5 22. Bb3 Bd5 23. Rc1 Qb7 24. Bxd5 Qxd5 25. Nec6 Nxc6 26. Nxc6 Rd7 27. Bf4 Qxa2 28. Nb8 Rd8 29. Nc6 Re8 30. Ra1 Qe6 31. Rxa6 Nd5 32. Bg3 Qc8 33. Qd2 Qxa6 34. Qxd5 Bf6 35. Be5 Bxe5 36. Nxe5 Rf8 37. h4 Qd6 38. Qe4 Rc8 39. g3 Rc1+ 40. Kh2 Kg7 41. h5 f5 42. Qf4 Qd1 0-1

[Event "Eastern op 45th"]
[Site "Tysons"]
[Date "2018.12.28"]
[Round "3"]
[White "Chen, Alex"]
[Black "Gorti, Akshita"]
[Result "1/2-1/2"]
[WhiteElo "2059"]
[BlackElo "2308"]
[PlyCount "73"]
[EventDate "2018.12.27"]
[EventType "swiss"]
[EventRounds "7"]
[EventCountry "USA"]
[SourceTitle "CBM 188 Extra"]
[Source "ChessBase"]
[SourceDate "2019.02.26"]
[SourceVersion "1"]
[SourceVersionDate "2019.02.26"]
[SourceQuality "1"]

1. e4 e6 2. d4 d5 3. Nd2 c5 4. exd5 exd5 5. Ngf3 Nc6 6. Bb5 cxd4 7. Nxd4 Bd7 8. N2f3 Nf6 9. 0-0 Be7 10. Re1 0-0 11. Bd3 Re8 12. c3 Qb6 13. Qb3 Bc5 14. Be3 Bg4 15. Qxb6 Bxb6 16. Be2 h6 17. h3 Bh5 18. Rad1 Rad8 19. Kf1 Ne4 20. Bb5 Bxd4 21. cxd4 Bxf3 22. gxf3 Nd6 23. Bxc6 bxc6 24. Rc1 Rc8 25. Rc3 Nf5 26. Rec1 Re6 27. b4 Rce8 28. Rxc6 Nxe3+ 29. fxe3 Rxe3 30. R6c3 Re2 31. Rc8 Re1+ 32. Kf2 Kh7 33. Rxe8 Rxc1 34. Re5 Rc2+ 35. Ke3 Rxa2 36. Rxd5 Kg6 37. Rd7 1/2-1/2

[Event "World ol U16"]
[Site "Konya"]
[Date "2018.11.30"]
[Round "6.2"]
[White "Berdnyk, Mariia"]
[Black "Gorti, Akshita"]
[Result "1/2-1/2"]
[WhiteElo "2254"]
[BlackElo "2308"]
[PlyCount "59"]
[EventDate "2018.11.25"]
[EventType "team-swiss"]
[EventRounds "9"]
[EventCountry "TUR"]
[SourceTitle "CBM 187 Extra"]
[Source "ChessBase"]
[SourceDate "2018.11.04"]
[SourceVersion "1"]
[SourceVersionDate "2018.11.04"]
[SourceQuality "1"]
[WhiteTeam "Ukraine"]
[BlackTeam "United States"]
[WhiteTeamCountry "UKR"]
[BlackTeamCountry "USA"]

1. c4 e5 2. g3 c6 3. d4 e4 4. Nc3 d5 5. Bg2 Nf6 6. f3 Bb4 7. Bg5 Nbd7 8. fxe4 Bxc3+ 9. bxc3 dxe4 10. Nh3 h6 11. Bc1 0-0 12. 0-0 Nb6 13. c5 Nbd5 14. Qb3 Ng4 15. Bxe4 Nge3 16. Bxe3 Bxh3 17. Bxd5 Bxf1 18. Bxf7+ Rxf7 19. Rxf1 Qd5 20. Rxf7 Qxf7 21. Bf4 b5 22. Qxf7+ Kxf7 23. e4 Ke6 24. Bd6 a5 25. a3 Ra7 26. Kf2 Rf7+ 27. Ke2 g5 28. Be5 h5 29. Bd6 a4 30. Be5 1/2-1/2

[Event "Wch U20 Girls 36th"]
[Site "Manavgat"]
[Date "2018.09.14"]
[Round "10"]
[White "Beydullayeva, Govhar"]
[Black "Gorti, Akshita"]
[Result "1/2-1/2"]
[WhiteElo "2202"]
[BlackElo "2315"]
[PlyCount "70"]
[EventDate "2018.09.05"]
[EventType "swiss"]
[EventRounds "11"]
[EventCountry "TUR"]
[SourceTitle "CBM 186 Extra"]
[Source "ChessBase"]
[SourceDate "2018.08.24"]
[SourceVersion "1"]
[SourceVersionDate "2018.08.24"]
[SourceQuality "1"]

1. Nf3 d5 2. g3 Nf6 3. Bg2 e6 4. 0-0 Be7 5. c4 0-0 6. d4 Nbd7 7. Qc2 c6 8. Nbd2 b6 9. e4 dxc4 10. Nxc4 Bb7 11. Rd1 c5 12. Ng5 h6 13. e5 Bxg2 14. exf6 Nxf6 15. Kxg2 hxg5 16. dxc5 Nd5 17. cxb6 axb6 18. Qe4 Bf6 19. Ne5 Rc8 20. Be3 Qc7 21. Bd4 Qc2 22. Qe1 Rfd8 23. Rd2 Qa4 24. b3 Qa8 25. Kg1 Nb4 26. Qe2 Rd6 27. Rad1 Rcd8 28. a3 Nc6 29. Nxc6 Qxc6 30. Bb2 Bxb2 31. Rxd6 Rxd6 32. Rxd6 Qxd6 33. Qxb2 Qd1+ 34. Kg2 Qd5+ 35. Kg1 Qd1+ 1/2-1/2

[Event "Wch U20 Girls 36th"]
[Site "Manavgat"]
[Date "2018.09.13"]
[Round "9"]
[White "Gorti, Akshita"]
[Black "Nurgali, Nazerke"]
[Result "0-1"]
[WhiteElo "2315"]
[BlackElo "2080"]
[PlyCount "120"]
[EventDate "2018.09.05"]
[EventType "swiss"]
[EventRounds "11"]
[EventCountry "TUR"]
[SourceTitle "CBM 186 Extra"]
[Source "ChessBase"]
[SourceDate "2018.08.24"]
[SourceVersion "1"]
[SourceVersionDate "2018.08.24"]
[SourceQuality "1"]

1. d4 Nf6 2. c4 e6 3. Nc3 d5 4. Nf3 Be7 5. g3 0-0 6. Bg2 b6 7. 0-0 Bb7 8. Ne5 Na6 9. Bf4 c5 10. Rc1 Nc7 11. dxc5 Bxc5 12. Na4 Bd6 13. c5 bxc5 14. Nxc5 Bxc5 15. Rxc5 Qe7 16. Qd4 Na6 17. Rcc1 Rfc8 18. Rxc8+ Bxc8 19. Rc1 Bb7 20. Nc6 Qe8 21. Na5 Qb5 22. Nxb7 Qxb7 23. a3 Nd7 24. b4 Re8 25. Bd6 Qb6 26. Qxb6 Nxb6 27. b5 Rd8 28. Bf4 Nb8 29. Rc7 Rd7 30. Rc5 Rd8 31. Bxb8 Rxb8 32. Rc7 Ra8 33. e3 Kf8 34. Bf1 Ke8 35. Bd3 h6 36. Kf1 Nd7 37. Ke2 Kd8 38. Rc3 Nb6 39. Bc2 Rc8 40. Rxc8+ Kxc8 41. a4 Kc7 42. Kd3 Kd6 43. Kc3 Kc5 44. Bb3 Nd7 45. Bc2 Nf6 46. h3 Nd7 47. f4 f6 48. g4 e5 49. h4 g5 50. hxg5 hxg5 51. fxg5 fxg5 52. Bd1 Nf6 53. Bf3 Ne8 54. Be2 Nc7 55. Bd1 Ne6 56. Bc2 Nd8 57. Bd1 Nb7 58. Be2 Nd6 59. Bd3 e4 60. Be2 Nc4 0-1

[Event "Wch U20 Girls 36th"]
[Site "Manavgat"]
[Date "2018.09.11"]
[Round "7"]
[White "Gorti, Akshita"]
[Black "Tsolakidou, Stavroula"]
[Result "1-0"]
[WhiteElo "2315"]
[BlackElo "2393"]
[PlyCount "75"]
[EventDate "2018.09.05"]
[EventType "swiss"]
[EventRounds "11"]
[EventCountry "TUR"]
[SourceTitle "CBM 186 Extra"]
[Source "ChessBase"]
[SourceDate "2018.08.24"]
[SourceVersion "1"]
[SourceVersionDate "2018.08.24"]
[SourceQuality "1"]

1. d4 Nf6 2. c4 e6 3. Nc3 Bb4 4. e3 0-0 5. Nge2 c6 6. a3 Ba5 7. Qc2 d5 8. Ng3 Nbd7 9. Be2 Bc7 10. 0-0 dxc4 11. Bxc4 e5 12. Rd1 exd4 13. Rxd4 Qe8 14. Nce4 c5 15. Nd6 Bxd6 16. Rxd6 Qe5 17. Rd1 Nb6 18. Be2 Bd7 19. Bd2 Rac8 20. Bc3 Qe6 21. a4 Nbd5 22. Bxf6 Nxf6 23. Bc4 Qe5 24. Qb3 Bc6 25. Rd2 g6 26. Rad1 Qe7 27. h3 b6 28. Rd6 Ne8 29. R6d2 Nf6 30. f3 Kg7 31. Qc3 Bxa4 32. Ne4 Bc6 33. Bd5 Rfd8 34. g4 h6 35. h4 g5 36. hxg5 hxg5 37. Ng3 Qc7 38. Nh5+ 1-0

[Event "Wch U20 Girls 36th"]
[Site "Manavgat"]
[Date "2018.09.07"]
[Round "3"]
[White "Gorti, Akshita"]
[Black "Wafa, Shahenda"]
[Result "1-0"]
[WhiteElo "2315"]
[BlackElo "2129"]
[PlyCount "91"]
[EventDate "2018.09.05"]
[EventType "swiss"]
[EventRounds "11"]
[EventCountry "TUR"]
[SourceTitle "CBM 186 Extra"]
[Source "ChessBase"]
[SourceDate "2018.08.24"]
[SourceVersion "1"]
[SourceVersionDate "2018.08.24"]
[SourceQuality "1"]

1. d4 d5 2. c4 c6 3. cxd5 cxd5 4. Bf4 Nf6 5. Nc3 g6 6. e3 a6 7. Bd3 Bg7 8. h3 0-0 9. Nf3 Nc6 10. 0-0 b5 11. Rc1 Bb7 12. Qe2 Re8 13. Rfd1 Rc8 14. Ne5 Qa5 15. a3 Qb6 16. b4 Nxe5 17. Bxe5 Nd7 18. Bxg7 Kxg7 19. Qb2 Nf6 20. a4 Bc6 21. a5 Qb7 22. Nb1 e6 23. Nd2 Qe7 24. Rc2 Bb7 25. Rdc1 Rxc2 26. Rxc2 Rc8 27. Rxc8 Bxc8 28. Qc3 Bb7 29. Nb3 Ne8 30. Qc5 Qd6 31. Qa7 Bc8 32. Nc5 Qc6 33. e4 dxe4 34. Bxe4 Qd6 35. Qa8 Qc7 36. Bc6 Nd6 37. Nxa6 Bxa6 38. Qxa6 Nf5 39. Bxb5 Nxd4 40. Bf1 Qc1 41. Qc4 Qa1 42. b5 e5 43. a6 Qa5 44. Qd3 f5 45. Qe3 Kf6 46. f4 1-0

[Event "Badalona op 44th"]
[Site "Badalona"]
[Date "2018.08.09"]
[Round "9"]
[White "Ootes, Lars"]
[Black "Gorti, Akshita"]
[Result "1-0"]
[WhiteElo "2379"]
[BlackElo "2327"]
[PlyCount "112"]
[EventDate "2018.08.01"]
[EventType "swiss"]
[EventRounds "9"]
[EventCountry "ESP"]
[SourceTitle "CBM 185 Extra"]
[Source "ChessBase"]
[SourceDate "2018.07.29"]
[SourceVersion "1"]
[SourceVersionDate "2018.07.29"]
[SourceQuality "1"]

1. c4 e6 2. Nc3 d5 3. e3 Nf6 4. Nf3 Be7 5. b3 0-0 6. Bb2 c5 7. cxd5 Nxd5 8. a3 Nc6 9. Qc2 b6 10. h4 f5 11. Nxd5 exd5 12. d4 Be6 13. Rd1 Rc8 14. Ba6 Rc7 15. Qe2 h6 16. h5 Bf6 17. Bb5 Na5 18. dxc5 bxc5 19. b4 cxb4 20. axb4 Nc4 21. Bxc4 Rxc4 22. Qxc4 dxc4 23. Rxd8 Bxd8 24. Bd4 Be7 25. Bc3 Rb8 26. Nd4 Bf6 27. Kd2 Bxd4 28. exd4 Bd5 29. Ra1 Rb7 30. f3 f4 31. Ra5 Bf7 32. Rf5 Rd7 33. Rxf4 Re7 34. Bb2 g5 35. Rf5 Rd7 36. Kc3 Re7 37. Ra5 Rd7 38. b5 Re7 39. Kb4 Re2 40. Bc3 Rxg2 41. Ra6 Kh7 42. Rf6 Bxh5 43. Kxc4 Ra2 44. d5 Kg7 45. Re6+ Kf8 46. Rxh6 Bf7 47. Rf6 Rf2 48. Rf5 Rf1 49. Rxg5 Rxf3 50. Re5 Rf1 51. Bd4 Kg7 52. Bxa7 Kf8 53. Bc5+ Kg7 54. b6 Rc1+ 55. Kb5 Kf6 56. Bd4 Rd1 1-0

[Event "Badalona op 44th"]
[Site "Badalona"]
[Date "2018.08.07"]
[Round "7"]
[White "Fluvia Poyatos, Jordi"]
[Black "Gorti, Akshita"]
[Result "1-0"]
[WhiteElo "2442"]
[BlackElo "2327"]
[PlyCount "81"]
[EventDate "2018.08.01"]
[EventType "swiss"]
[EventRounds "9"]
[EventCountry "ESP"]
[SourceTitle "CBM 185 Extra"]
[Source "ChessBase"]
[SourceDate "2018.07.29"]
[SourceVersion "1"]
[SourceVersionDate "2018.07.29"]
[SourceQuality "1"]

1. e4 e6 2. d4 d5 3. e5 c5 4. c3 Nc6 5. Nf3 Bd7 6. Be2 Nge7 7. 0-0 Ng6 8. g3 Be7 9. h4 cxd4 10. cxd4 0-0 11. h5 Nh8 12. Nc3 f6 13. exf6 Bxf6 14. Re1 Nf7 15. Bf1 Rc8 16. Bf4 Ng5 17. Ne5 Nxe5 18. dxe5 Be7 19. Qg4 h6 20. Bd3 Bc5 21. Re2 Qe7 22. Kg2 Bb4 23. Bxg5 hxg5 24. Nb5 Bc5 25. Nd4 Bxd4 26. Qxd4 Qf7 27. Qg4 Bc6 28. f3 d4 29. Rf2 Bd5 30. Rh1 Qc7 31. h6 Qxe5 32. hxg7 Qxg7 33. Rh5 Qf6 34. Rxg5+ Kf7 35. Rxd5 exd5 36. Qd7+ Qe7 37. Qxd5+ Kg7 38. Re2 Qc5 39. Qe4 Qh5 40. Qxd4+ Kg8 41. Bc4+ 1-0

[Event "Barcelona Sant Marti op-A 20th"]
[Site "Barcelona"]
[Date "2018.07.21"]
[Round "9"]
[White "Gorti, Akshita"]
[Black "Marzo Pie, Xavier"]
[Result "1-0"]
[WhiteElo "2255"]
[BlackElo "2206"]
[PlyCount "43"]
[EventDate "2018.07.13"]
[EventType "swiss"]
[EventRounds "9"]
[EventCountry "ESP"]
[SourceTitle "CBM 185 Extra"]
[Source "ChessBase"]
[SourceDate "2018.07.29"]
[SourceVersion "1"]
[SourceVersionDate "2018.07.29"]
[SourceQuality "1"]

1. Nf3 d6 2. d4 Bg4 3. c4 Bxf3 4. exf3 g6 5. Nc3 Bg7 6. Be3 e6 7. Qb3 Qc8 8. 0-0-0 Ne7 9. g4 h5 10. h4 Nbc6 11. Kb1 Rb8 12. d5 exd5 13. cxd5 Ne5 14. g5 a6 15. Bh3 Nf5 16. Ne4 Nxf3 17. Ba7 N3xh4 18. Bxb8 Qxb8 19. Ng3 Qc8 20. Qa4+ Kd8 21. Qxh4 Nxh4 22. Bxc8 1-0

[Event "Barcelona Sant Marti op-A 20th"]
[Site "Barcelona"]
[Date "2018.07.17"]
[Round "5"]
[White "Gorti, Akshita"]
[Black "Eggleston, David"]
[Result "1/2-1/2"]
[WhiteElo "2255"]
[BlackElo "2397"]
[PlyCount "69"]
[EventDate "2018.07.13"]
[EventType "swiss"]
[EventRounds "9"]
[EventCountry "ESP"]
[SourceTitle "CBM 185 Extra"]
[Source "ChessBase"]
[SourceDate "2018.07.29"]
[SourceVersion "1"]
[SourceVersionDate "2018.07.29"]
[SourceQuality "1"]

1. d4 Nf6 2. c4 e6 3. Nf3 b6 4. e3 Bb7 5. Bd3 d5 6. 0-0 Be7 7. Nc3 0-0 8. b3 c5 9. cxd5 exd5 10. Bb2 Nbd7 11. Rc1 Re8 12. Qc2 Bf8 13. Rfd1 a6 14. Bf5 cxd4 15. Nxd4 Nc5 16. Qb1 g6 17. Bh3 Bg7 18. g3 Qe7 19. Qa1 Rad8 20. Bg2 Ng4 21. Rc2 Ne5 22. Rcd2 Ne4 23. Nxe4 dxe4 24. Nf5 gxf5 25. Rxd8 Rxd8 26. Rxd8+ Qxd8 27. Bxe5 Bxe5 28. Qxe5 Qd7 29. h4 b5 30. Bh3 Bc8 31. Qf6 Qe6 32. Qg5+ Kf8 33. Qd8+ Kg7 34. Qd4+ Kg8 35. Qd8+ 1/2-1/2

[Event "Barcelona Sant Marti op-A 20th"]
[Site "Barcelona"]
[Date "2018.07.13"]
[Round "1"]
[White "Gorti, Akshita"]
[Black "Montell Zabay, Albert"]
[Result "1-0"]
[WhiteElo "2255"]
[BlackElo "1928"]
[PlyCount "61"]
[EventDate "2018.07.13"]
[EventType "swiss"]
[EventRounds "9"]
[EventCountry "ESP"]
[SourceTitle "CBM 185 Extra"]
[Source "ChessBase"]
[SourceDate "2018.07.29"]
[SourceVersion "1"]
[SourceVersionDate "2018.07.29"]
[SourceQuality "1"]

1. d4 Nf6 2. c4 e5 3. dxe5 Ng4 4. Nf3 Bc5 5. e3 Nc6 6. Be2 0-0 7. 0-0 Ngxe5 8. Nxe5 Nxe5 9. Nc3 Re8 10. b3 a5 11. Na4 Bf8 12. Bb2 Ra6 13. Qd5 Rd6 14. Qxa5 b6 15. Qc3 Rh6 16. f4 Qh4 17. h3 Ng6 18. Bf3 d6 19. Qd2 Bxh3 20. gxh3 Qxh3 21. Qg2 Qe6 22. Bg4 Qxe3+ 23. Qf2 Qe4 24. Qf3 Qe7 25. Qg3 Qe4 26. Bf3 Qe3+ 27. Qf2 Qxf4 28. Bc1 Re5 29. Bxf4 Nxf4 30. Bg4 Ne2+ 31. Qxe2 1-0

[Event "Barbera del Valles op 41st"]
[Site "Barbera del Valles"]
[Date "2018.07.11"]
[Round "8"]
[White "Gorti, Akshita"]
[Black "Miciano, John Marvin"]
[Result "1/2-1/2"]
[WhiteElo "2255"]
[BlackElo "2411"]
[PlyCount "72"]
[EventDate "2018.07.04"]
[EventType "swiss"]
[EventRounds "9"]
[EventCountry "ESP"]
[SourceTitle "CBM 185 Extra"]
[Source "ChessBase"]
[SourceDate "2018.07.29"]
[SourceVersion "1"]
[SourceVersionDate "2018.07.29"]
[SourceQuality "1"]

1. d4 g6 2. c4 Bg7 3. e4 d6 4. Nc3 Nf6 5. h3 0-0 6. Be3 c6 7. Bd3 a6 8. Nf3 b5 9. a3 bxc4 10. Bxc4 Nbd7 11. 0-0 d5 12. Bd3 dxe4 13. Nxe4 Rb8 14. Qc2 Nd5 15. Bg5 Qb6 16. Rfd1 a5 17. Rac1 Rd8 18. Ned2 Bb7 19. Nc4 Qa7 20. Bd2 a4 21. Ba5 N7b6 22. Nxb6 Nxb6 23. Qc5 Ba8 24. Be4 e6 25. Ne5 Bf8 26. Qc3 Nd5 27. Qd2 Rdc8 28. Bxd5 cxd5 29. Rxc8 Rxc8 30. Bc3 Bc6 31. h4 f6 32. Nd3 Bb5 33. Re1 Bxd3 34. Qxd3 Qd7 35. g3 Rc4 36. Qe3 Rc6 1/2-1/2

[Event "Barbera del Valles op 41st"]
[Site "Barbera del Valles"]
[Date "2018.07.08"]
[Round "5"]
[White "Valenzuela Gomez, Fernando Alberto"]
[Black "Gorti, Akshita"]
[Result "1/2-1/2"]
[WhiteElo "2389"]
[BlackElo "2255"]
[PlyCount "117"]
[EventDate "2018.07.04"]
[EventType "swiss"]
[EventRounds "9"]
[EventCountry "ESP"]
[SourceTitle "CBM 185 Extra"]
[Source "ChessBase"]
[SourceDate "2018.07.29"]
[SourceVersion "1"]
[SourceVersionDate "2018.07.29"]
[SourceQuality "1"]

1. d4 e6 2. c4 d5 3. Nf3 a6 4. Bg5 Be7 5. Bxe7 Qxe7 6. Nbd2 Nf6 7. Rc1 0-0 8. e3 dxc4 9. Nxc4 Nbd7 10. a3 Rd8 11. Qc2 c5 12. Be2 b6 13. dxc5 Qxc5 14. b4 Qe7 15. Nce5 Bb7 16. 0-0 Nxe5 17. Nxe5 Rac8 18. Qa4 Ne4 19. Rxc8 Rxc8 20. Qd7 Qxd7 21. Nxd7 Rc2 22. Bd3 Rd2 23. Bxe4 Rxd7 24. Bxb7 Rxb7 25. Rc1 Kf8 26. Kf1 Ke7 27. Rc8 a5 28. Rc6 axb4 29. axb4 b5 30. Rc5 Kd6 31. Ke2 e5 32. Kd3 Ke6 33. g4 f6 34. Ke4 Kd6 35. Kf5 Ke7 36. h4 g6+ 37. Ke4 Kd6 38. h5 Rb8 39. f3 Rb7 40. h6 Rb8 41. g5 f5+ 42. Kd3 Rb7 43. Rc8 Ke6 44. Rf8 Rd7+ 45. Ke2 Rb7 46. Rf6+ Kd5 47. Rf8 Ke6 48. Rg8 f4 49. Rf8 Ke7 50. Rg8 Ke6 51. Re8+ Kf5 52. Rg8 Kxg5 53. Rg7 Rb8 54. Rxh7 Ra8 55. Re7 Ra2+ 56. Ke1 Kxh6 57. Rxe5 fxe3 58. Rxb5 Rb2 59. Re5 1/2-1/2

[Event "Montcada op-A 26th"]
[Site "Montcada"]
[Date "2018.07.01"]
[Round "8"]
[White "Panelo Munoz, Marcelo A"]
[Black "Gorti, Akshita"]
[Result "1/2-1/2"]
[WhiteElo "2366"]
[BlackElo "2258"]
[PlyCount "82"]
[EventDate "2018.06.25"]
[EventType "swiss"]
[EventRounds "9"]
[EventCountry "ESP"]
[SourceTitle "EXT 2019"]
[Source "ChessBase"]
[SourceDate "2018.10.10"]
[SourceVersion "1"]
[SourceVersionDate "2018.10.10"]
[SourceQuality "1"]

1. d4 e6 2. c4 d5 3. Nf3 a6 4. Nc3 Nf6 5. Bg5 dxc4 6. a4 b6 7. e4 Be7 8. Bxc4 Bb7 9. 0-0 0-0 10. Re1 Nbd7 11. Qd2 Re8 12. Rad1 Qc8 13. Qc2 c5 14. d5 exd5 15. Nxd5 Nxd5 16. Bxd5 Bxd5 17. Rxd5 Nf6 18. Bxf6 Bxf6 19. Red1 Qe6 20. e5 Be7 21. h4 h6 22. Qc4 Reb8 23. Qf4 b5 24. axb5 axb5 25. Rd6 Rd8 26. Rxd8+ Rxd8 27. Rxd8+ Bxd8 28. Qe4 Be7 29. h5 Qb3 30. Qc6 Bf8 31. Qd7 Qxb2 32. e6 Qb1+ 33. Kh2 Qf5 34. exf7+ Qxf7 35. Qxb5 Qxh5+ 36. Kg1 Qd5 37. Qe8 c4 38. Qc8 Qe4 39. Nd2 Qe1+ 40. Nf1 c3 41. g3 Qc1 1/2-1/2

[Event "Montcada op-A 26th"]
[Site "Montcada"]
[Date "2018.06.26"]
[Round "2"]
[White "Gorti, Akshita"]
[Black "Himanshu, Sharma"]
[Result "1/2-1/2"]
[WhiteElo "2258"]
[BlackElo "2420"]
[PlyCount "101"]
[EventDate "2018.06.25"]
[EventType "swiss"]
[EventRounds "9"]
[EventCountry "ESP"]
[SourceTitle "CBM 185 Extra"]
[Source "ChessBase"]
[SourceDate "2018.07.29"]
[SourceVersion "1"]
[SourceVersionDate "2018.07.29"]
[SourceQuality "1"]

1. Nf3 d5 2. e3 Nf6 3. c4 c6 4. Nc3 g6 5. d4 Bg7 6. Be2 0-0 7. 0-0 Bg4 8. cxd5 cxd5 9. Qb3 b6 10. h3 Bc8 11. Ne5 Bb7 12. Bd2 Nc6 13. Nxc6 Bxc6 14. Rfc1 Qd7 15. a4 Rfc8 16. a5 Rab8 17. Ba6 Rd8 18. Qc2 e6 19. Na4 Bb5 20. Bxb5 Qxb5 21. axb6 axb6 22. Nc3 Qd7 23. Qd3 b5 24. Na2 Ne4 25. Nb4 Ra8 26. Be1 Bf8 27. Qe2 Ra4 28. Nd3 Rda8 29. Rxa4 bxa4 30. Ne5 Qb7 31. Qc2 Nd6 32. Bc3 Qb5 33. Ra1 Ne4 34. Be1 Bd6 35. Nd3 Be7 36. Ne5 Nd6 37. Bc3 Kg7 38. f3 f6 39. Nd3 Nc4 40. e4 Bd6 41. Qe2 Kf7 42. e5 fxe5 43. dxe5 Bc5+ 44. Nxc5 Qxc5+ 45. Qf2 Qxf2+ 46. Kxf2 Nb6 47. Bd4 Rb8 48. g4 g5 49. Kg3 h6 50. h4 Rb7 51. h5 1/2-1/2

[Event "Balaton IM 36th"]
[Site "Balatonlelle"]
[Date "2018.06.17"]
[Round "6"]
[White "Gorti, Akshita"]
[Black "Vegh, Endre"]
[Result "0-1"]
[WhiteElo "2258"]
[BlackElo "2260"]
[PlyCount "84"]
[EventDate "2018.06.12"]
[EventType "tourn"]
[EventRounds "9"]
[EventCountry "HUN"]
[EventCategory "2"]
[SourceTitle "CBM 185 Extra"]
[Source "ChessBase"]
[SourceDate "2018.07.29"]
[SourceVersion "1"]
[SourceVersionDate "2018.07.29"]
[SourceQuality "1"]

1. Nf3 b6 2. d4 Bb7 3. e3 e6 4. Bd3 f5 5. 0-0 Nf6 6. c4 Be7 7. Nc3 0-0 8. Nd2 Nc6 9. a3 a5 10. Qc2 Qe8 11. Nf3 Nd8 12. e4 fxe4 13. Nxe4 Nxe4 14. Bxe4 Bxe4 15. Qxe4 Nf7 16. Bd2 Nd6 17. Qd3 a4 18. Rae1 Bf6 19. Bb4 Qg6 20. Qe2 Rf7 21. c5 bxc5 22. dxc5 Nf5 23. c6 dxc6 24. Qxe6 Bxb2 25. Qe8+ Rf8 26. Qe2 Nd6 27. Qxb2 Rxf3 28. Qc1 Nf7 29. Qc4 h6 30. Re6 Rf6 31. Rfe1 Rd8 32. h4 Rxe6 33. Rxe6 Rd1+ 34. Kh2 Qf5 35. Bc5 Rd5 36. Rxc6 Kh7 37. Rxc7 Ne5 38. Qe2 Ng4+ 39. Kg3 Nf6 40. Bb6 Rd3+ 41. f3 Rb3 42. Bf2 Nh5+ 0-1

[Event "Balaton IM 36th"]
[Site "Balatonlelle"]
[Date "2018.06.12"]
[Round "1"]
[White "Doshi, Moksh Amitbhai"]
[Black "Gorti, Akshita"]
[Result "1-0"]
[WhiteElo "2203"]
[BlackElo "2258"]
[PlyCount "73"]
[EventDate "2018.06.12"]
[EventType "tourn"]
[EventRounds "9"]
[EventCountry "HUN"]
[EventCategory "2"]
[SourceTitle "CBM 185 Extra"]
[Source "ChessBase"]
[SourceDate "2018.07.29"]
[SourceVersion "1"]
[SourceVersionDate "2018.07.29"]
[SourceQuality "1"]

1. d4 e6 2. c4 d5 3. Nf3 a6 4. cxd5 exd5 5. Nc3 Nf6 6. Bg5 Be6 7. e3 Nbd7 8. Bd3 h6 9. Bh4 g5 10. Bg3 Nh5 11. Be5 Ng7 12. Bg3 Nh5 13. Nd2 Nxg3 14. hxg3 Bg7 15. f4 Nb6 16. f5 Bd7 17. Qf3 Qe7 18. 0-0-0 0-0-0 19. Nb3 Kb8 20. e4 dxe4 21. Bxe4 Bc8 22. Rhe1 Rhe8 23. Kb1 Qb4 24. f6 Bf8 25. g4 Nc4 26. Bd5 Rxe1 27. Rxe1 a5 28. Bxc4 Qxc4 29. Nxa5 Qb4 30. Re5 c5 31. Nb3 cxd4 32. Rb5 dxc3 33. Rxb4 Bxb4 34. bxc3 Bd6 35. Qe4 Be6 36. Nd4 Bc4 37. Nc6+ 1-0

[Event "Budapest FS06 GM"]
[Site "Budapest"]
[Date "2018.06.12"]
[Round "9"]
[White "Erturan, Yakup"]
[Black "Gorti, Akshita"]
[Result "1-0"]
[WhiteElo "2384"]
[BlackElo "2258"]
[PlyCount "97"]
[EventDate "2018.06.02"]
[EventType "tourn"]
[EventRounds "9"]
[EventCountry "HUN"]
[EventCategory "6"]
[SourceTitle "CBM 184 Extra"]
[Source "ChessBase"]
[SourceDate "2018.06.28"]
[SourceVersion "1"]
[SourceVersionDate "2018.06.28"]
[SourceQuality "1"]

1. c4 e6 2. Nf3 d5 3. b3 Nf6 4. Bb2 Be7 5. g3 0-0 6. Bg2 c5 7. cxd5 Nxd5 8. 0-0 b6 9. Nc3 Bb7 10. Rc1 Nd7 11. d4 Nxc3 12. Bxc3 Rc8 13. Qd2 Nf6 14. Bb2 Bd5 15. dxc5 Bxc5 16. Qf4 Qe7 17. Ne5 Bxg2 18. Kxg2 Rfd8 19. Qf3 Qd6 20. Rfd1 Qxd1 21. Rxd1 Rxd1 22. Qb7 Rf8 23. Nd3 Rd2 24. b4 Bd6 25. Bxf6 gxf6 26. Qxa7 Bb8 27. Qxb6 Rxa2 28. Qd4 f5 29. Qe3 Bd6 30. Qg5+ Kh8 31. Qf6+ Kg8 32. h4 Re8 33. Ne5 Bxe5 34. Qxe5 h5 35. Qe3 Rc8 36. Qg5+ Kf8 37. Qxh5 Rcc2 38. Qh8+ Ke7 39. Qd4 Rxe2 40. h5 e5 41. Qc5+ Kf6 42. Qb6+ Kg7 43. h6+ Kh7 44. g4 e4 45. g5 Rad2 46. Kg3 f4+ 47. Kg4 Rxf2 48. Qb7 Kg8 49. Qa8+ 1-0